000
00289nam a22001217a 4500
008
181217b xxu||||| |||| 00| 0 eng d
041
_a
eng
080
_2
2nd
_a
610
100
_a
4
101
_a
SHM
245
_a
Manual of Medical Care of the Surgical Patient
_c
Papper,S
942
_2
udc
_c
BK
999
_c
53245
_d
53245